Neevu Kandariyada Kudmul Ranga Rao (Record no. 231912)
[ view plain ]
| 000 -LEADER | |
|---|---|
| fixed length control field | 00987nam a22002417a 4500 |
| 005 - DATE AND TIME OF LATEST TRANSACTION | |
| control field | 20250123103518.0 |
| 008 - FIXED-LENGTH DATA ELEMENTS--GENERAL INFORMATION | |
| fixed length control field | 241113b ||||| |||| 00| 0 eng d |
| 020 ## - INTERNATIONAL STANDARD BOOK NUMBER | |
| International Standard Book Number | 9788196434663 |
| 040 ## - CATALOGING SOURCE | |
| Transcribing agency | AL |
| 041 ## - LANGUAGE CODE | |
| Language code of text/sound track or separate title | Kannada |
| 082 ## - DEWEY DECIMAL CLASSIFICATION NUMBER | |
| Edition number | 23 |
| Classification number | 920K |
| Item number | RAON |
| 100 ## - MAIN ENTRY--PERSONAL NAME | |
| Personal name | Premi M Rao and others |
| 100 ## - MAIN ENTRY--PERSONAL NAME | |
| Personal name | ಪ್ರೇಮಿ ಎಂ ರಾವ್ |
| 100 ## - MAIN ENTRY--PERSONAL NAME | |
| 9 (RLIN) | 194752 |
| 100 ## - MAIN ENTRY--PERSONAL NAME | |
| 9 (RLIN) | 194753 |
| 245 ## - TITLE STATEMENT | |
| Title | Neevu Kandariyada Kudmul Ranga Rao |
| Remainder of title | ನೀವು ಕಂಡರಿಯದ ಕುದ್ಮುಲ್ ರಂಗರಾವ್ |
| 260 ## - PUBLICATION, DISTRIBUTION, ETC. | |
| Place of publication, distribution, etc. | Bengaluru ಬೆಂಗಳೂರು |
| Name of publisher, distributor, etc. | Bahuroopi ಬಹುರೂಪಿ |
| Date of publication, distribution, etc. | 2024 |
| 300 ## - PHYSICAL DESCRIPTION | |
| Extent | 144 p. |
| Other physical details | PB |
| Dimensions | 22x14 cm. |
| 365 ## - TRADE PRICE | |
| Price type code | BLCR-045 |
| Price amount | ₹144.00 |
| Currency code | ₹ |
| Unit of pricing | ₹180.00 |
| Price note | 20% |
| Price effective from | 11-11-2024 |
| 650 ## - SUBJECT ADDED ENTRY--TOPICAL TERM | |
| Topical term or geographic name entry element | Biography |
| 9 (RLIN) | 185291 |
| 650 ## - SUBJECT ADDED ENTRY--TOPICAL TERM | |
| Topical term or geographic name entry element | An insight into the life of Kudmul Ranga Rao |
| 9 (RLIN) | 185292 |
| 700 ## - ADDED ENTRY--PERSONAL NAME | |
| Personal name | PANDURANGA RAO (G) ಪಾಂಡುರಂಗ ರಾವ್ (ಜಿ ) |
| 9 (RLIN) | 185294 |
| 700 ## - ADDED ENTRY--PERSONAL NAME | |
| Personal name | VIVEKA RAI (B A) tr ವಿವೇಕ ರೈ (ಬಿ ಎ ) |
| 9 (RLIN) | 185295 |
| 942 ## - ADDED ENTRY ELEMENTS (KOHA) | |
| Source of classification or shelving scheme | Dewey Decimal Classification |
| Koha item type | Book |
| Withdrawn status | Lost status | Source of classification or shelving scheme | Damaged status | Not for loan | Collection code | Home library | Current library | Date acquired | Source of acquisition | Cost, normal purchase price | Total Checkouts | Full call number | Barcode | Date last seen | Date last checked out | Cost, replacement price | Price effective from | Koha item type |
|---|---|---|---|---|---|---|---|---|---|---|---|---|---|---|---|---|---|---|
| Dewey Decimal Classification | Kannada | St Aloysius Library | St Aloysius Library | 11/13/2024 | Navakarnataka Publications Pvt Ltd Mangaluru-575001 | 144.00 | 1 | 920K RAON | 077367 | 01/13/2025 | 01/02/2025 | 180.00 | 11/13/2024 | Book |